000 01141nac a22003491i 4500
003 EG-ScBUE
005 20250707091756.0
006 m||||fq||h 00| 0
008 250629t2004 caua f bd 001 0 eng d
020 _a0805389148
020 _a9780805389142
040 _aEG-ScBUE
_beng
_erda
_cEG-ScBUE
_dEG-ScBUE
082 0 4 _a540
_bTIM
_222
100 1 _aTimberlake, Karen C.,
_eauthor.
245 1 0 _aGeneral, organic, and biological chemistry :
_bstructures of life /
_cKaren C. Timberlake.
246 3 0 _aChemistry
250 _aPlatinum edition.
264 1 _aSan Francisco :
_bPearson/Benjamin Cummings,
_c[2004]
264 4 _cc2004
300 _a1 volume (various pagings) :
_bcolor illustrations ;
_c29 cm +
_e1 CD
336 _2rdacontent
_atext
_btxt
336 _2rdacontent
_asounds
_bsnd
337 _aunmediated
_2rdamedia
_bn
337 _aaudio
_2rdamedia
_bs
338 _avolume
_bnc
_2rdacarrier
338 _acomputer disc
_bcd
_2rdacarrier
500 _aIncludes glossary.
504 _aIncludes bibliographical references and index.
650 7 _aChemistry.
_2BUEsh
655 _vReading book
942 _cNB
_2ddc
999 _c1378
_d1378